00478pam a2200181 a 4500001000800000005001700008008004100025010001700066020003200083040001800115041000800133080001600141082002000157100000700177101000800184245006500192504003900257478660620180314045225.0870702s1988 nyua b 001 0 eng  a 87020292  a0471847372 :c$35.00 (est.) aDLCcDLCdDLC aeng a660.63 pau00a660.63 pau2191 a11 abio10aBioseparations :cPaul A. Belter, E.L. Cussler, Wei-Shou Hu. aIncludes bibliographies and index.